01039nam a2200217Ia 4500003000900000008004100009020001800050040001600068080002200084111012500106245024900231260004800480300001400528650002600542650004100568650003100609700003200640942000700672999001500679952012700694IN-BaIIA211028s9999 xx 000 0 eng d a0-521-37485-5 cIIA Library a52-43(082.2)bDYN aConference on Dynamics of Astrophysical Discscdepartment of astronomy, University of Manchesterd1988 Dec. 13-16916588 0aDynamics of astrophysical discsbproceedings of a conference on dynamics of astrophysical discs held in the department of astronomy, University of Manchester, 13-16 December 1988cedited by J. A. Sellwood  aCambridgebCambridge University Pressc1989 axv, 257p. aAccretion disks98621 aAstronomy and astrophysics thesaurus aCircumstellar disks916589 aSellwood, J. A., ed.916590 cBK c9799d9799 00104070aBANbBANcGENd0000-00-00g787.50l0o52-43(082.2)/ DYNp10709r2021-11-05v787.50w0000-00-00yBKGRs. 787.50